| 000 -LEADER |
| fixed length control field |
00686pam a2200229 a 4500 |
| 001 - CONTROL NUMBER |
| control field |
015582556 |
| 003 - CONTROL NUMBER IDENTIFIER |
| control field |
UkOxU |
| 005 - DATE AND TIME OF LATEST TRANSACTION |
| control field |
20230112110605.0 |
| 008 - FIXED-LENGTH DATA ELEMENTS--GENERAL INFORMATION |
| fixed length control field |
011015s2000 enka j 000 1 eng d |
| 015 ## - NATIONAL BIBLIOGRAPHY NUMBER |
| National bibliography number |
GB A0-65077 |
| 020 ## - INTERNATIONAL STANDARD BOOK NUMBER |
| International Standard Book Number |
9780007106165 |
| 035 ## - SYSTEM CONTROL NUMBER |
| System control number |
BNB2663.293 |
| 040 ## - CATALOGING SOURCE |
| Original cataloging agency |
DB/U-1 |
| Transcribing agency |
. |
| Modifying agency |
KH8 |
| 082 0# - DEWEY DECIMAL CLASSIFICATION NUMBER |
| Classification number |
813.54 CAR |
| Edition number |
21 |
| 100 1# - MAIN ENTRY--PERSONAL NAME |
| Personal name |
Carle, Eric. |
| Relator term |
author |
| 245 10 - TITLE STATEMENT |
| Title |
Does a kangaroo have a mother too? / |
| Statement of responsibility, etc. |
by Eric Carle. |
| 260 ## - PUBLICATION, DISTRIBUTION, ETC. |
| Place of publication, distribution, etc. |
London : |
| Name of publisher, distributor, etc. |
Collins, |
| Date of publication, distribution, etc. |
2000. |
| 300 ## - PHYSICAL DESCRIPTION |
| Extent |
[24] p. : |
| Other physical details |
chiefly col. ill. ; |
| Dimensions |
23 x 29 cm. |
| 650 #0 - SUBJECT ADDED ENTRY--TOPICAL TERM |
| Topical term or geographic name entry element |
Animals |
| Form subdivision |
Pictorial works |
| -- |
Juvenile fiction. |
| 650 #0 - SUBJECT ADDED ENTRY--TOPICAL TERM |
| Topical term or geographic name entry element |
Animals |
| General subdivision |
Infancy |
| Form subdivision |
Pictorial works |
| -- |
Juvenile fiction. |
| 942 ## - ADDED ENTRY ELEMENTS (KOHA) |
| Source of classification or shelving scheme |
|
| Koha item type |
Books - Non Ficton |